Catalog

Record Details

Catalog Search



Na břehu dnů / Karel Čapek ; [uspořádal a vysvětlivkami opatřil Miroslav Halík ; doslov napsal Ivan Klíma]

Čapek, Karel, 1890-1938 (Author). Klíma, Ivan, 1931- (Author of introduction, etc.). Halík, Miroslav, 1901-1975 (Editor).

Record details

  • Physical Description: 442 s. : il.
  • Edition: 1. vyd.
  • Publisher: Praha : Československý spisovatel, 1966
Subject: česká literatura
čeští spisovatelé
osobnosti
Kreativita
Genre: antologie
výbory

Available copies

  • 1 of 1 copy available at Common Catalog SPOK.

Holds

  • 0 current holds with 1 total copy.
Show Only Available Copies
Location Call Number / Copy Notes Barcode Shelving Location Status Due Date
Hospic Dobrého Pastýře BE-C
Tematická katagorie: Beletrie (BE)
2045957009698 Knihovna Available -

LDR 01812cam a22004577a 4500
00128554
003CZ-PrJAB
00520220718114523.0
008050525s1966 xr |||||r|||||||||||cze|d
015 . ‡acnb000527750
035 . ‡a(CZ PrCU)000304774
035 . ‡a(OCoLC)16763884
040 . ‡aABD103 ‡bcze ‡cABD103 ‡dABD103 ‡dABD156 ‡dABD001
072 7. ‡a821.162.3 ‡xČeská literatura ‡2Konspekt ‡925
080 . ‡a821.162.3 ‡2MRF
080 . ‡a929-058.1 ‡2MRF
080 . ‡a821.162.3-051 ‡2MRF
080 . ‡a(082.21) ‡2MRF
080 . ‡a885-43-32(046)+92Čapek,K. ‡2MRF
1001 . ‡aČapek, Karel, ‡d1890-1938 ‡7jk01021023 ‡4aut
24510. ‡aNa břehu dnů / ‡cKarel Čapek ; [uspořádal a vysvětlivkami opatřil Miroslav Halík ; doslov napsal Ivan Klíma]
250 . ‡a1. vyd.
260 . ‡aPraha : ‡bČeskoslovenský spisovatel, ‡c1966
300 . ‡a442 s. : ‡bil.
65007. ‡ačeská literatura ‡7ph116858 ‡2czenas
65007. ‡ačeští spisovatelé ‡7ph128175 ‡2czenas
65007. ‡aosobnosti ‡7ph115615 ‡2czenas
65007. ‡aKreativita ‡2phffuk
655 7. ‡aantologie ‡7fd131819 ‡2czenas
655 7. ‡avýbory ‡7fd133853 ‡2czenas
7001 . ‡aKlíma, Ivan, ‡d1931- ‡7jk01060513 ‡4aui
7001 . ‡aHalík, Miroslav, ‡d1901-1975 ‡7jk01033231 ‡4edt
910 . ‡aBNE702
901 . ‡a28554 ‡b ‡c28554 ‡tbiblio

Additional Resources